000 00566nam a2200169 i 4500
001 76412
003 ES-MaACL
005 20230906172832.0
007 t|
008 041001s1967 sp |||| | spa d
245 0 0 _aGuía de centros de enseñanza media de la Iglesia
_b: 1967.
260 _a[Madrid :
_bFederación Española de Religiosos de Enseñanza,
_c1967]
300 _a295 p. ;
_c21 cm.
650 4 _aEnseñanza católica-
_zEspaña-
_vDirectorios.
_9160910
710 2 _aFederación Española de Religiosos de Enseñanza.
_94105
852 _aES-MaACL
_jC-32833
999 _c76412
_d76412